Indian economy/ (Record no. 1214)

MARC details
000 -LEADER
fixed length control field 00620cam a2200229ua 4500
005 - DATE AND TIME OF LATEST TRANSACTION
control field 20240624041458.0
008 - FIXED-LENGTH DATA ELEMENTS--GENERAL INFORMATION
fixed length control field 110702n ii |||gr||||Z||||||eng
020 ## - INTERNATIONAL STANDARD BOOK NUMBER
International Standard Book Number 8121902983
040 ## - CATALOGING SOURCE
Transcribing agency MAIN
041 ## - LANGUAGE CODE
Language code of sung or spoken text English
082 ## - DEWEY DECIMAL CLASSIFICATION NUMBER
Classification number 330.954
Item number DAT
100 ## - MAIN ENTRY--PERSONAL NAME
Personal name Datt, Ruddar.,
Relator term Author
245 1# - TITLE STATEMENT
Title Indian economy/
Statement of responsibility, etc. By Ruddar Datt and KPM Sundharam
250 ## - EDITION STATEMENT
Edition statement 55th.
260 ## - PUBLICATION, DISTRIBUTION, ETC.
Place of publication, distribution, etc. New Delhi.:
Name of publisher, distributor, etc. S chand.,
Date of publication, distribution, etc. 2007.
300 ## - PHYSICAL DESCRIPTION
Extent xvi, 996 p.:
Dimensions 32 cm.
650 ## - SUBJECT ADDED ENTRY--TOPICAL TERM
Topical term or geographic name entry element Indian economy and economic development
700 1# - ADDED ENTRY--PERSONAL NAME
Personal name Sundharam, KPM.,
Relator term Author
942 ## - ADDED ENTRY ELEMENTS (KOHA)
Koha item type Books
Source of classification or shelving scheme Dewey Decimal Classification
653 ## - INDEX TERM--UNCONTROLLED
Uncontrolled term Economics.
653 ## - INDEX TERM--UNCONTROLLED
Uncontrolled term Indian economy.
Holdings
Withdrawn status Lost status Source of classification or shelving scheme Damaged status Not for loan Collection code Home library Current library Shelving location Date acquired Cost, normal purchase price Total Checkouts Full call number Barcode Date last seen Date last checked out Copy number Price effective from Koha item type
    Dewey Decimal Classification     Economics Central Library, Naharkatiya College Central Library, Naharkatiya College General Stacks 19/09/2020 400.00 4 330.954 DAT 17207 15/12/2023 29/11/2023 1 19/09/2020 Books
    Dewey Decimal Classification     Economics Central Library, Naharkatiya College Central Library, Naharkatiya College General Stacks 24/06/2024 400.00 1 330.954 DAT 17479 27/06/2024 24/06/2024 2 24/06/2024 Books

Naharkatiya College © 2020. All rights reserved.

Powered By